Thomas & Friends (Record no. 109350)

MARC details
000 -LÍDER
campo de controle de tamanho fixo 00569 a2200181 4500
001 - NÚMERO DE CONTROLE
campo de controle 109350
020 ## - ISBN - INTERNATIONAL STANDARD BOOK NUMBER
ISBN - International Standard Book Number 9788576769224
041 ## - CÓDIGO DE IDIOMA
Código do idioma do texto/trilha sonora ou título diferente por
090 ## - NÚMERO DE CHAMADA LOCAL
Número de chamada (OCLC) (R); Número de chamada, CALL (RLIN) (NR) Year 1 028
040 ## - FONTE DA CATALOGAÇÃO
Instituição da catalogação original BR-BrIDEA
Instituição que transcreveu o registro BR-BrIDEA
250 ## - EDIÇÃO
Edição 1. ed.
245 10 - TÍTULO
Título Thomas & Friends
Restante do título Thomas e o Tesouro e outras histórias
Indicação de responsabilidade, etc. Thomas & Friends: Thomas e o tesouro e outras histórias
260 ## - PUBLICAÇÃO, DISTRIBUIÇÃO, ETC.
Local de publicação, distribuição, etc. [S.l.]
Nome do editor, distribuidor, etc. Fundamento Educacional
Data da publicação, distribuição, etc. 2010
697 ## - ENTRADA DE ASSUNTO LOCAL--ENTIDADE COLETIVA (RLIN)
Nome corporativo ou nome da jurisdição Literatura infantojuvenil.
700 ## - ENTRADA ADICIONADA - NOME PESSOAL
Nome pessoal Thomas & Friends: Thomas e o tesouro e outras histórias.
856 ## - LOCALIZAÇÃO ELETRÔNICA E ACESSO
Uniform Resource Identifier <a href="00000c/00000c64.jpg">00000c/00000c64.jpg</a>
942 ## - ELEMENTOS DE ENTRADA ADICIONADOS (KOHA)
Tipo de material Koha Livros
Holdings
Situação do descarte Situação das perdas Fonte da classificação ou esquema de arquivamento na estante Situação física Não pode ser emprestado Biblioteca de origem Biblioteca atual Data de aquisição Total de empréstimos Número de chamada completo Código de barras Data de último acesso Data do preço efetivo Tipo de material Koha
    Classificação Decimal de Dewey     ECB - SUDOESTE ECB - SUDOESTE 11/04/2018   Year 1 028 00036221SSW 23/01/2024 23/01/2024 Livros